Report of the Banaras Hindu University Enquiry Committee (Record no. 489456)

000 -LEADER
fixed length control field 00425cam a22001217a 4500
008 - FIXED-LENGTH DATA ELEMENTS--GENERAL INFORMATION
fixed length control field 180718b1958 xxu||||| |||| 00| 0 eng d
082 ## - DEWEY DECIMAL CLASSIFICATION NUMBER
Classification number P5x5421 In2b/1958
100 ## - MAIN ENTRY--PERSONAL NAME
Personal name Banaras Hindu University. Enquiry Committee
245 ## - TITLE STATEMENT
Title Report of the Banaras Hindu University Enquiry Committee
Statement of responsibility, etc. by Ministry of Education
260 ## - PUBLICATION, DISTRIBUTION, ETC.
Place of publication, distribution, etc. Delhi
Name of publisher, distributor, etc. The Manager of Publications
Date of publication, distribution, etc. 1958
300 ## - PHYSICAL DESCRIPTION
Extent 44p.
700 ## - ADDED ENTRY--PERSONAL NAME
Personal name India. Ministry of Education
Holdings
Withdrawn status Lost status Damaged status Not for loan Permanent Location Current Location Date acquired Full call number Barcode Date last seen Price effective from Koha item type
        Indian Institute of Public Administration Indian Institute of Public Administration 2018-08-04 P5x5421 In2b/1958 GG16313 2018-08-04 2018-08-04 GG

Powered by Koha